Normal view
MARC view
Entry Personal Name
001 - CONTROL NUMBER
- control field: 31388
003 - CONTROL NUMBER IDENTIFIER
- control field: dpl
005 - DATE AND TIME OF LATEST TRANSACTION
- control field: 20110804171827.0
008 - FIXED-LENGTH DATA ELEMENTS
- fixed length control field: 110804|||a|||||| | ||| d
040 ## - CATALOGING SOURCE
- Original cataloging agency: dpl
- Transcribing agency: dpl
100 ## - HEADING--PERSONAL NAME
- Personal name: जाकिर हुसैन
670 ## - SOURCE DATA FOUND
- Source citation: Work cat.: (dpl)54682: जाकिर हुसैन, सईदा की अम्माँ /, 2011
670 ## - SOURCE DATA FOUND
- Source citation: Work cat.: (dpl)54682: जाकिर हुसैन, सईदा की अम्माँ /, 2011
